[Event "St Petersburg-ch"]
[Site "St Petersburg"]
[Date "1997.??.??"]
[Round "6"]
[White "Loginov, Valery A"]
[Black "Khalifman, Alexander"]
[Result "1/2-1/2"]
[WhiteElo "2555"]
[BlackElo "2650"]
[Annotator "Har Zvi,R"]
[PlyCount "83"]
[EventDate "1997.03.04"]
[EventType "swiss"]
[EventRounds "9"]
[EventCountry "RUS"]
[SourceTitle "CBM 058"]
[Source "ChessBase"]
[SourceDate "1997.06.01"]
[SourceVersion "1"]
[SourceVersionDate "1997.06.01"]
[SourceQuality "1"]

1. Nf3 {Mowsziszian,K} g6 2. e4 Bg7 3. d4 d6 4. Be2 Nf6 5. Nc3 O-O 6. O-O c6 7.
a4 Nbd7 8. a5 (8. Bf4 Re8 9. Re1 (9. h3 $5) 9... Qc7 10. e5 Nh5 11. exd6 exd6
12. Be3 d5 (12... Nhf6 13. Qd2 a5 14. Bf4 Nb6 15. h3 Bf5 $11 {Grunfeld,Y-Beim,
V Rishon le Zion 1994}) 13. Qd2 Nf8 14. Ne5 Nf6 {Leko,P-Shirov,A Dortmund 1996}
(14... Bxe5 15. dxe5 Qxe5 16. Bxa7 Rxa7 17. Bxh5) 15. a5 $5 $11) (8. Re1 e5 9.
Bf1 Re8 10. d5 (10. a5 Qc7 11. dxe5 dxe5 {Wong meng Kong-Azmaiparashevili,Z
Sydney 1990} 12. Be3) 10... Qc7 (10... cxd5 11. exd5 a6 12. h3 b6 13. Nd2 Bb7
14. Nc4 Qc7 15. b3 $13 {Kuczynki,R-Bologan,V Debrecen Eu-chT 1992}) 11. Nd2
cxd5 12. exd5 a6 13. Nc4 b6 14. b3 Bb7 15. Ba3 Bf8 16. g3 Rab8 17. Bg2 Ba8 18.
Na2 Nc5 19. a5 bxa5 $13 {Malisauskas,V-Piket,J Manila olm 1992}) 8... Qc7 (8...
e5 {Mowsziszian,K} 9. dxe5 dxe5 10. a6 Qc7 11. axb7 Bxb7 12. Be3 Ng4 13. Bg5
Nc5 14. Bc4 h6 15. b4 Nxe4 16. Nxe4 hxg5 17. Nfxg5 Nh6 18. Qd6 Qxd6 19. Nxd6
Bc8 20. b5 e4 21. Ra2 cxb5 22. Bd5 Rb8 23. Ngxf7 Nxf7 {Loginov,V-Lukin,A/
RUS-Cup1 Chigorin-mem (9) ;EXP 56 1996/1/2-1/2 (91)}) 9. Be3 (9. h3 e5 (9...
Rd8 {Mowsziszian,K} 10. Be3 Nf8 11. Qd2 Bd7 12. Rfd1 Be8 13. b4 e5 14. dxe5
dxe5 15. Qe1 Rxd1 16. Rxd1 Ne6 17. Bc4 Qe7 18. Bxe6 Qxe6 19. Bc5 Nd7 20. Bd6 f6
21. Qe2 Bf8 22. Bxf8 Nxf8 {Chiburdanidze,M-Gaprindashvili,N (15)/WchW Pitsunda
;BIG 1978/1/2-1/2 (94)}) 10. Be3 exd4 11. Bxd4 Re8 12. Nd2 a6 13. Ra3 c5 14.
Be3 Ne5 15. Bg5 $1 $36 {Stefanson,H-Kristiansen,J Copenhagen 1991}) 9... Rb8 (
9... e5 10. dxe5 dxe5 11. h3 Rd8 12. Qb1 $1) 10. h3 (10. Nd2 b5 11. axb6 axb6
12. d5 (12. f4 b5 13. e5 Nd5 14. Nxd5 cxd5 15. Nf3 b4 16. Bd3 b3 17. cxb3 Qb6
$44 {Tshshkovsky,V-Beim,V Voskresensk 1992}) 12... Bb7 13. dxc6 Bxc6 14. f3 d5
15. exd5 Nxd5 16. Nxd5 Bxd5 17. c3 Rfd8 $11 {Loginov,V-Beim,V Budapest 1994})
10... b5 11. axb6 axb6 {Mowsziszian: droht b5-b4><e4} 12. d5 Nc5 (12... cxd5 {
Mowsziszian,K} 13. exd5 $16 {/\Sd4><c6,e7}) (12... c5 {Mowsziszian,K} 13. Nd2
$16 {><b5}) 13. Nd4 (13. Nd2 b5 14. dxc6 Qxc6 15. Bf3 e5 16. Ra7 Be6 17. Nb3
Nxb3 18. cxb3 Ra8 19. Rxa8 Rxa8 20. Nd5 $13 {Petursson,M-Mcnab,C Lloyds 1994})
13... Bd7 (13... Nfxe4 {Mowsziszian,K} 14. Nxe4 (14. Nxc6 Nxc3 (14... Bxc3 15.
Nxb8 (15. bxc3 Nxc3 16. Qe1 Nxe2+ 17. Qxe2 Rb7 $15) 15... Bxb2 $15) 15. bxc3
Rb7 $13) 14... Nxe4 15. Nxc6 Bxb2 16. Ra7 (16. Bd4 Bxa1 17. Bxa1 Ra8 18. Qd4
Nf6) (16. Rb1 Nc3 17. Qd2 Nxb1 18. Rxb1 Bg7 19. Nxb8 Qxb8 20. Bxb6 $11) 16...
Rb7 $15) 14. Bf3 cxd5 15. exd5 (15. Nxd5 Nxd5 16. exd5 Na4 17. Ra2 b5 18. Qd2
Rfc8 19. Rfa1 Qd8 $14 {/~~ Nikolenko,O-Glyanets,A URS-ch club Pavlodar 1991})
15... b5 16. Nc6 {Mowsziszian: Führt zum Remis.} (16. Qe2 {Mowsziszian,K} b4
17. Ncb5 Bxb5 18. Nxb5 Qb7 19. Na7 Nxd5 20. Rfd1 e6 $15) 16... Bxc6 17. dxc6 b4
18. Nd5 Nxd5 19. Qxd5 Bxb2 {it seems this position just leads into a drawish
endgame,this is quite important since it means white get nothing out of this
line} 20. Ra2 (20. Rab1 Bc3 21. Bxc5 dxc5 22. Qxc5 Rfd8 23. Rfd1 Kg7 $11) 20...
Bc3 21. Bxc5 dxc5 22. Qxc5 {[%cal Ga2a7]} Ra8 $8 {Mowsziszian: Einfach die
Türme tauschen ist die richtige Technik, um remis zu machen.} 23. Rxa8 Rxa8 24.
Rd1 Ra1 $8 25. Rxa1 Bxa1 26. Qxb4 {the pawn means nothing,white has no way to
remove black's queen from c7 and wite opposite coloured bishops it means the
game should end with a draw} Be5 27. g3 Bd6 28. Qd4 Qa5 29. Kg2 Qe5 30. Qc4 {
white avoids queen exchanges now but he has completely no plan so very soon he
will offer an exchange by him-self} Bc7 31. h4 h6 32. Qd5 Qxd5 33. Bxd5 e6 34.
Bb3 Kf8 35. c4 Ke7 36. c5 Be5 37. Ba4 Kd8 (37... Bd4 $4 {??????} 38. c7) 38. f4
Bd4 39. c7+ Kxc7 40. Be8 Bxc5 41. Bxf7 g5 42. fxg5 {and a draw has to be
agreed,there was really no game here since it was theory until move 15 but
after b5 everything until move 20 seems force and white simply gets nothing} (
42. fxg5 {Mowsziszian,K} hxg5 43. h5 Kd6 44. Kf3 Ke7 45. Bg8 Kf6 $11) 1/2-1/2

[Event "St Petersburg-ch"]
[Site "St Petersburg"]
[Date "1997.03.12"]
[Round "7"]
[White "Khalifman, Alexander"]
[Black "Mishuchkov, Nikolai Mikhailovic"]
[Result "1-0"]
[WhiteElo "2650"]
[BlackElo "2395"]
[Annotator "Huebner,R"]
[PlyCount "107"]
[EventDate "1997.03.04"]
[EventType "swiss"]
[EventRounds "9"]
[EventCountry "RUS"]
[SourceTitle "CBM 058"]
[Source "ChessBase"]
[SourceDate "1997.06.01"]
[SourceVersion "1"]
[SourceVersionDate "1997.06.01"]
[SourceQuality "1"]

1. Nf3 Nf6 2. c4 c6 3. d4 d5 4. Nc3 a6 5. a4 g6 6. Bf4 Bg7 7. e3 O-O 8. Qb3 (8.
b4 Bg4 9. Qb3 Bxf3 10. gxf3 Nh5 11. Bg3 (11. Bxb8 $6 Qxb8 $2 ({Nach} 11... dxc4
{steht eher Schwarz besser.}) 12. cxd5 e5 13. dxe6 $18 {Genovese,M-Zichichi,A/
Catania op 1994/0-1 (48)}) 11... dxc4 12. Bxc4 $14 {Der Textzug scheint mir
stärker zu sein als 8.b4.}) 8... b6 9. Be2 e6 {Der Zug gefällt mir nicht.} (
9... Be6 {kommt in Betracht.}) 10. O-O a5 11. Rfd1 Ba6 (11... Na6 12. Ne5 Nb4
13. Na2 c5 {ist vielleicht spielbar.}) 12. Rac1 Nbd7 (12... dxc4 13. Bxc4 Nd5
14. Nxd5 cxd5 15. Bb5 Bxb5 16. axb5 {sieht ebenfalls sehr unangenehm für
Schwarz aus.}) 13. cxd5 exd5 {Schwarz muß das Feld b5 gedeckt halten:} (13...
cxd5 14. Bxa6 Rxa6 15. Nb5 $16) (13... Bxe2 14. Nxe2 cxd5 15. Rc6 $16) 14. Bxa6
Rxa6 15. Ne2 Qa8 16. Rc2 Rc8 17. Rdc1 Bf8 $6 (17... c5 $5) 18. Ne5 c5 19. Nc3
Ra7 20. Bg3 (20. Nxd7 Rxd7 21. Qxb6 Nh5 {führt zu einer unklaren Stellung;} 22.
Be5 Rb7 23. Nxd5 Rxb6 24. Nxb6 Qb7 25. Nxc8 Qxc8 26. dxc5 Qc6 {ist nicht
günstig für Weiß.}) 20... Be7 21. Nb5 Rb7 22. Qd3 Nxe5 $2 (22... Nf8 {Weiß
steht besser, muß aber erst noch durchdringen. Der Textzug verliert auf
elementare Art einen Bauern. Der Rest der Partie bietet wenig Interessantes.})
23. dxe5 Nh5 24. Qxd5 Nxg3 25. hxg3 Rd8 26. Qe4 Rbd7 27. Qxa8 Rxa8 28. Kf1 Rad8
29. Ke2 Rd5 30. f4 c4 31. Kf3 Rd2 32. Nd4 Rxc2 33. Rxc2 Rc8 34. Ke4 h5 35. Nb5
Rd8 36. Nd4 Rc8 37. Kf3 Bb4 38. g4 hxg4+ 39. Kxg4 Kg7 40. Kf3 f5 41. exf6+ Kxf6
42. e4 Ke7 43. e5 Kd7 44. Ke4 c3 45. bxc3 Be7 46. c4 Rh8 47. Rd2 Kc7 48. Rd3
Rh1 49. Rh3 Re1+ 50. Kd5 Rd1 51. Rh7 Kd8 52. Ke4 Re1+ 53. Kf3 Kd7 54. f5 1-0

[Event "Ter Apel"]
[Site "Ter Apel"]
[Date "1997.03.20"]
[Round "4"]
[White "Khalifman, Alexander"]
[Black "Van Wely, Loek"]
[Result "1-0"]
[WhiteElo "2650"]
[BlackElo "2645"]
[Annotator "Stohl,I"]
[PlyCount "137"]
[EventDate "1997.03.17"]
[EventType "tourn"]
[EventRounds "5"]
[EventCountry "NED"]
[EventCategory "16"]
[SourceTitle "CBM 058"]
[Source "ChessBase"]
[SourceDate "1997.06.01"]
[SourceVersion "1"]
[SourceVersionDate "1997.06.01"]
[SourceQuality "1"]

1. d4 {Huzman} Nf6 2. Nf3 g6 3. c4 Bg7 4. g3 O-O 5. Bg2 d6 6. O-O Nbd7 7. Nc3
e5 8. h3 (8. e4 c6 9. h3 Qb6 10. Re1 exd4 11. Nxd4 Re8 {Only transposes to the
game position with some extra moves.} ({A more interesting try is} 11... Ne8 $5
) 12. Na4 $5 Qd8 13. b3 Nc5 14. Nc3 a5 15. Rb1 Qb6 16. Be3 Qb4 $2 17. Qc2 Nfd7
18. Na4 $2 ({White misses a typical winning combination} 18. Ncb5 $1 cxb5 19.
Nxb5 a4 20. Bd2 $18) 18... Nxa4 19. bxa4 Qa3 20. Bc1 Qc5 21. Nb3 Qe5 22. Rd1
Nc5 23. Bb2 Qe7 24. Bxg7 Kxg7 25. Nxc5 dxc5 26. Rb3 Rd8 27. Qb2+ Kg8 28. Rxd8+
Qxd8 29. Qe5 $36 {Jurek,J-Sonnberger,R/Schwaebisch Gmuend op/1997/}) 8... Re8
9. e4 exd4 10. Nxd4 c6 11. Re1 a5 (11... Nc5 12. b3 Bd7 13. Bf4 Qb6 14. Bxd6 $1
{This tactical operation is similar to the game, only Black's pawn is still on
a7. This favour White-there are more vulnerable pawns on the 7-th rank.} (14.
Be3 Rad8 15. Qc2 Bc8 16. Rab1 Qc7 17. Rbd1 a6 18. f4 Qa5 19. Bf2 h5 20. Qb2 $6
Ncxe4 $5 21. b4 Qc7 22. Bxe4 Nxe4 23. Nxe4 c5 24. Qd2 cxd4 25. Bxd4 Qxc4 26.
Nf6+ Bxf6 27. Bxf6 Bxh3 $44 {Marin,M-Thipsay,P/Goodricke Calcutta/1997/}) 14...
Nfxe4 (14... Ncxe4 15. Bxe4 c5 16. Nc2 Nxe4 17. Nxe4 Rxe4 18. Rxe4 Bf5 19. Re5
$1 Bxc2 20. Qxc2 Qxd6 21. Rd5 Qe6 22. Rad1 Bd4 23. Kg2 $18 {Yakovich,
Y-Zakharevich,I/RUS-Cup5/Ekaterinburg/1997/}) 15. Bxe4 Nxe4 16. Rxe4 Rxe4 17.
Nxe4 Qxd4 18. Qxd4 Bxd4 19. Rd1 f5 (19... Bg7 20. Bb8 $1) 20. Rxd4 fxe4 21. g4
Re8 22. Bc5 Bc8 23. Bxa7 h5 24. gxh5 Bxh3 25. hxg6 Kg7 26. Kh2 Bf5 27. Rd6 Be6
28. Kg3 Kxg6 29. Kf4 $16 {Khalifman,A-Thipsay,P/Ubeda op/1997/ This game shows
Khalifman knew very well what he was doing-he won a similar game only some
weeks earlier.}) 12. Rb1 (12. b3 Nc5 13. Bf4 $5 (13. Rb1 {is only a
transposition of moves}) 13... Qb6 $2 {With the B still on c8 this is a heavy
mistake, which leads directly to a lost position.} 14. Bxd6 $1 Rd8 15. e5 Ne8
16. Nxc6 $1 Nxd6 (16... bxc6 17. Bxc5 $18) 17. Nd5 Nf5 (17... Qa6 18. Nc7 $18)
18. Nxb6 Rxd1 19. Raxd1 Ra6 20. Nxc8 bxc6 21. g4 Nh4 22. Ne7+ Kf8 23. Nxc6 Ne6
24. Rd6 Bh6 25. Nd4 Rxd6 26. exd6 Nxd4 27. d7 Nhf3+ 28. Bxf3 {Vaulin,A-Ozolin,
M/RUS-Cup4 Perm/1997/}) 12... Nc5 13. b3 Bd7 $6 (13... Qe7 14. Bf4 Nfd7 15. Be3
Nf6 16. Qc2 Nfxe4 $5 17. Bxe4 Nxe4 18. Nxe4 Qxe4 19. Bd2 Qxe1+ 20. Rxe1 Rxe1+
21. Bxe1 Bxd4 22. Qe4 Be5 23. f4 Bf5 24. Qe3 Bf6 25. g4 c5 26. Bc3 $18 {
Manninen,M-Ronneland,D/Rilton Cup9697/1997/}) (13... h6 $142 $5 14. Re2 Bd7 15.
Bf4 Qb6 $5 {Here the Khalifman combination is ineffective, as Black has
already played h6 and his back rank is not weakened.} 16. Be3 Qc7 17. Qc2 Qc8
18. Kh2 Re5 19. f3 Rh5 20. h4 d5 $5 21. exd5 $13 {1/2,Adorjan,A-Vukic,M/Biel
op/1990/}) 14. Bf4 Qb6 $4 {This is the idea behind 13...Bd7,passively
defending the d6 pawn enables White to achieve a permanent positional
advantage.} (14... Bf8 15. Qc2 Nh5 16. Be3 Qe7 17. Rbd1 Rad8 18. Qd2 Bc8 19.
Bg5 f6 20. Be3 Ng7 21. f4 Qc7 22. g4 f5 23. exf5 gxf5 24. Bf3 Qf7 25. Re2 Be7
26. Rg2 $16 {[%csl Rd6,Rg8] |^()><d6,>>,Tregubov,P-Kahn,E/Balatonbereny op/
1992/}) (14... Qc7 15. Qc2 Nh5 16. Be3 Be5 17. Rbd1 Rf8 18. Qd2 Ne6 19. Nde2 f5
20. exf5 gxf5 21. f4 Bxc3 22. Qxc3 Rad8 23. Qd2 Bc8 24. Bf2 Nf6 25. Nc3 Nc5 26.
Kh2 $16 {[%csl Rg8] ע,Janjgava,L-Gurcan,S/Ankara zt/1995/}) 15. Bxd6 $1 {
Starts a tactical operation, which gives White an endgame with very good
winning chances. It's surprising it took quite some time to find the idea (the
point being of course 21.Bb8!) and White mostly just mechanically retreated
his B to e3:} (15. Be3 Qc7 (15... Qd8 16. Qc2 Qe7 17. f3 (17. Rbd1 $5 Nfxe4 18.
Nxe4 Nxe4 19. Bf4 $36) 17... Nh5 18. Kh2 f5 19. exf5 gxf5 20. Nxf5 Bxf5 21.
Qxf5 Nxg3 (21... Qe5 $142 $1 22. Qxe5 Bxe5 23. Ne2 Nd3 24. Red1 Nxg3 $132) 22.
Qg4 Nf1+ 23. Bxf1 Qe5+ 24. f4 Qxc3 25. Rbc1 Qf6 26. Rcd1 $16 {Tregubov,
P-Bagaturov,G/Kobanya op/1992/}) 16. Qc2 (16. f3 Rad8 17. Qd2 Bc8 18. Rbd1 Qe7
19. Bf2 Nfd7 20. f4 Nf8 21. Nf3 Qc7 22. Bd4 f6 23. g4 Be6 24. Qf2 $36 {(),
Loeffler,S-Bastian,H/BL/1986/}) 16... Qc8 ({The following games show Black
must take care of tactical tricks, connected with Ndb5. Thus it's best to move
the Q out of fire at once.} 16... Re7 $6 17. Rbd1 Rae8 18. Bf4 Nh5 19. Ndb5 $1
cxb5 20. Nd5 Qd8 21. Bxd6 b6 22. Bc7 Qc8 23. Bxb6 Nb7 24. g4 Re5 25. gxh5 Bxh3
26. f4 Rxh5 27. Bf3 Bg4 28. Bxg4 Qxg4+ 29. Qg2 $16 {Smejkal,J-Uhlmann,W/
Sarajevo/1982/}) (16... h5 17. Rbd1 Nh7 18. Re2 Rad8 19. Red2 Bc8 $6 20. Ndb5
$1 cxb5 21. Nxb5 Qe7 22. Nxd6 Na6 23. Bb6 Rxd6 24. Rxd6 Nb4 25. Qd2 Nc6 26. f4
Nf8 27. e5 g5 28. Kh1 $16 {Bagaturov,G-Ubilava,E/Protvino zt/1993/}) 17. g4 $5
(17. Kh2 Re5 18. Nde2 Rh5 19. Nf4 Ng4+ 20. Kg1 Nxe3 21. Rxe3 Re5 22. Rd1 Qc7
23. Nd3 Re7 24. Ree1 Ne6 25. Ne2 Nd4 26. Nxd4 Bxd4 $15 {Hansen,C-Akopian,V/
EU-ch act Cap d`Agde/1996/}) 17... h5 18. f3 hxg4 19. hxg4 Qd8 20. Rbd1 Qe7 21.
Bf4 Nh7 22. Qf2 Rad8 23. Re2 Be5 24. Be3 Nf8 25. Red2 $14 {Pigusov,E-Akopian,V/
Moscow Final GMA/1990/ So even after 15.Be3 White keeps his spacial advantage
and an edge, typical for this line.}) (15. Nc2 $143 $6 Ng4 16. hxg4 Bxc3 17.
Bxd6 Bxe1 18. Qxe1 Bxg4 19. Qe3 Nd7 20. c5 Qd8 21. Qf4 Be6 22. Nd4 Qf6 $15 {
Verdihanov,V-Petrushin,A/Azov/1993/}) 15... Nfxe4 16. Bxe4 $1 (16. Nxe4 {Huzman
} Nxe4 17. Rxe4 Rxe4 18. Bxe4 Bxd4 19. c5 Qb4 20. a3 $2 Bxf2+ $19) 16... Nxe4
17. Rxe4 Rxe4 18. Nxe4 Qxd4 $8 (18... Bxd4 $2 19. c5 Qb4 20. a3 $18) 19. Qxd4
Bxd4 20. Rd1 Bg7 (20... f5 21. Rxd4 fxe4 22. g4 $14 {wins a pawn, just as in
Khalifman-Thipsay.} Re8 23. Bc7) (20... Bb2 21. Bb8 $1 (21. Rd2 $2 Bf5 $11) (
21. Ba3 Bf5 22. Bxb2 Bxe4 23. Rd7 b5 $14) 21... Bf5 22. Rd8+ Kg7 23. Nd6 $16)
21. Bb8 $1 $16 {Huzman: This brilliant move opens the white's idea.In the
endgame R+N against R+B the big advantage of the white determines the active
position of Rd7 and the weaknesses of black pawns.} Rxb8 (21... Be6 22. Rd8+
Bf8 23. Nf6+ Kg7 24. Ne8+ Kg8 25. Nc7) 22. Rxd7 b5 (22... Re8 23. Nd6 Re2 (
23... Re1+ {Huzman}) 24. Rd8+ (24. Nxf7 Rxa2 25. Rxb7 Bd4 $11) 24... Bf8 25. a4
b6 26. c5 $1 bxc5 27. Nc4 $16) (22... b6 {Huzman} 23. Nd6 f5 24. Rc7 c5 25.
Rc8+ $18) (22... Bf8 {Huzman} 23. Ng5 f6 24. Ne4 Bg7 25. Nd6 $16) 23. Nd6 $1 (
23. c5 $143 Re8 $132) 23... a4 $146 {Only this move is new. All this has
already been published in the Informant and Van Wely probably just forgot
about it.} (23... bxc4 24. Nxc4 a4 (24... Rb5 $2 25. Rd8+ Bf8 26. Ra8 Kg7 27.
Rxa5 Kf6 28. Ra6 Rc5 29. Na5 $18 {Kalinichev,S-Ragozin,E/Berlin/1992/}) (24...
Bc3 {Huzman} 25. Rd3 $18) 25. bxa4 Rb4 26. Rd8+ Bf8 27. Ne5 Kg7 28. a5 $16 (28.
Nxc6 Rb2 $5)) 24. cxb5 (24. Nxf7 $6 bxc4 25. bxc4 Rb2 $132) 24... cxb5 25. Nxf7
Re8 (25... Rc8 26. Ng5 (26. Rd8+ $1 $16 {Huzman /+-} Rxd8 27. Nxd8) 26... h6 (
26... a3 $132) 27. Ne6 $16) 26. Kf1 $1 Bc3 27. Nh6+ Kh8 28. g4 $1 {A strong
move, which pins Black's R to the back rank due to mating threats. /\29.g5-to
get mating construction} (28. Nf7+ Kg8 29. Nd6 Re1+ 30. Kg2 axb3 31. axb3 b4
$132) 28... axb3 (28... Bg7 29. Nf7+ Kg8 30. Nd6 $18) (28... Re1+ 29. Kg2 Re2
$2 30. Rd8+ Kg7 31. g5 $18) 29. axb3 Rf8 30. g5 {Huzman: Having created the
mate net for the black king,the white make break f4-f5,after which exchange
rooks and win due to extra pawn and weakness of pawn b5.} Re8 (30... Bg7 {
Huzman} 31. Ke2 {[%csl Rb5]}) 31. Nf7+ Kg8 32. Nh6+ Kh8 33. h4 $18 {White's
pieces are more active and he has an extra pawn. Khalifman shows good
technique and gradually strengthens his position.} b4 34. Nf7+ Kg8 35. Nh6+ Kh8
36. Kg2 Rf8 37. Nf7+ Kg8 38. Nh6+ Kh8 39. f4 {Numerous repetitions of moves
save White the time, necessary to find the winning plan.} Bb2 40. Nf7+ Kg8 41.
Nh6+ Kh8 42. Kf3 Bc3 43. Nf7+ Kg8 44. Nh6+ Kh8 45. Kg4 Bg7 46. Rb7 Bc3 (46...
Bxh6 47. gxh6 Kg8 48. Rxb4 $18) 47. Nf7+ Kg8 48. Nh6+ Kh8 49. f5 (49. h5 $5 Bd2
50. hxg6 hxg6 51. Rf7 $18) 49... gxf5+ 50. Nxf5 Bd2 51. Rd7 (51. h5 $2 Rg8 $11)
51... Bc1 52. Rd1 $1 {By chasing the B away White gets in the h5 advance.} Bb2
53. h5 Rg8 {[%cal Rb2f6] /\Bf6 This enables the exchange of R, but Black had
hardly anything else.} 54. Nh6 Re8 55. Rd8 $1 Rxd8 56. Nf7+ Kg7 57. Nxd8 Bc3 (
57... h6 58. g6 Kf6 59. Nf7 Bc1 60. Kf3 $18 {[%cal Rf3d5,Rd5c4] /\Ke4-d5-c4})
58. Kf5 Bd2 59. Ne6+ Kf7 60. Nf4 Kg7 61. Nd5 Kf7 62. h6 $1 {/\Nf6} (62. g6+ $2
hxg6+ 63. hxg6+ Kg7 $11) 62... Kg8 $8 (62... Bc3 63. Nf6 Bxf6 64. gxf6 Ke8 65.
Ke6 Kf8 66. Kd5 Kf7 67. Kc4 Kxf6 68. Kxb4 Kg6 69. Kc5 Kxh6 70. b4 $18) 63. Nf6+
Kh8 64. Ne4 $1 {[%cal Rf5g4,Rg4h5,Rg5g6] White wants to play g6, but he has to
avoid the stalemate traps. He first moves away his N, then transfers his K to
h5.} (64. g6 $2 hxg6+ 65. Kxg6 Bxh6 $1 $11) (64. Kg4 $2 Bxg5 $1 $11) 64... Bc1
65. Kg4 Kg8 66. Nf6+ Kh8 67. Nd5 $1 Bd2 68. Kh5 Kg8 69. g6 (69. g6 hxg6+ (69...
Bc3 70. Ne7+ Kf8 71. g7+ Bxg7 72. hxg7+ Kxg7 73. Nc6 $18) 70. Kxg6 Be1 71. h7+
Kh8 72. Ne7 Bg3 73. Nc6 $18 {[%cal Rc6b4,Rc6d8,Rc6e5] Black can't protect e5,
d8 and b4 at the same time.}) 1-0

[Event "Ter Apel"]
[Site "Ter Apel"]
[Date "1997.03.22"]
[Round "5"]
[White "Shirov, Alexei"]
[Black "Khalifman, Alexander"]
[Result "1/2-1/2"]
[WhiteElo "2690"]
[BlackElo "2650"]
[Annotator "Huebner,R"]
[PlyCount "44"]
[EventDate "1997.03.17"]
[EventType "tourn"]
[EventRounds "5"]
[EventCountry "NED"]
[EventCategory "16"]
[SourceTitle "CBM 058"]
[Source "ChessBase"]
[SourceDate "1997.06.01"]
[SourceVersion "1"]
[SourceVersionDate "1997.06.01"]
[SourceQuality "1"]

1. d4 d5 2. c4 c6 3. Nc3 Nf6 4. Nf3 dxc4 5. a4 Bf5 6. Ne5 e6 7. f3 Bb4 8. e4
Bxe4 9. fxe4 Nxe4 10. Bd2 Qxd4 11. Nxe4 Qxe4+ 12. Qe2 Bxd2+ 13. Kxd2 Qd5+ 14.
Kc2 Na6 15. Nxc4 b5 16. axb5 Nb4+ 17. Kc3 cxb5 18. Nb6 {Dies führt zu einem
forcierten Remis. Gewinnversuche müssen mit} (18. Rd1 {beginnen; vgl. Bareev,
E-Chalifman,A, Ubeda 1997.}) 18... Qc5+ 19. Kb3 Nc6 20. Qxb5 Qe3+ 21. Kc2 Qf2+
22. Kc3 Qd4+ 1/2-1/2